00578nam a2200181 a 450000100100000000500170001000800410002704000250006810000320009324500450012526000380017030000200020849000150022883000220024304900090026595201050027499900170037900003161020200930063042.0110628s19uu dr 000 0 spa d aDO-SdBNPbspacBNPHU1 aGómez Cerda, José9858313aEl sindicalista /cJosé Gómez Cerda. aSanto Domingo :b[s.n.],c[199?]. a34 P. ;c19 cm.1 aConciencia 0aConciencia912689 aBNPD 0010718PDaPDbPDcCTd2011-06-28iLF1l0o p31610-10r2020-06-25w2020-06-25yLFPDZNo se presta c31102d31102